| 000 | 00615nam a2200205 4500 | ||
|---|---|---|---|
| 003 | OSt | ||
| 005 | 20240604061718.0 | ||
| 006 | a | ||
| 008 | 240604b |||||||| |||| 00| 0 eng d | ||
| 020 | _a9710870408 | ||
| 040 |
_aDWCL-Main lib. _cOC |
||
| 082 | _aFil. 336.2 D912b 2011 | ||
| 100 | _aDuncano, Danilo A. | ||
| 245 | _aBIR issuances : excise taxes : updated compilation of relevant issuances / | ||
| 260 |
_a Mandaluyong City : _bNational Book Store, _cc2011. |
||
| 300 |
_axiv, _b362 p. ; _c23 cm.. |
||
| 650 | _a1. Taxation–Philippines. | ||
| 700 | _aDanilo A. Duncano | ||
| 942 |
_2ddc _n0 _cBK - FIL _kFil. |
||
| 999 |
_c123 _d123 |
||